000 00364nam a2200145Ia 4500
008 230312s9999||||xx |||||||||||||| ||und||
020 _a0-8151-0368-6
082 _a611.8
_bENG-C
100 _aEngland;Marjorie
245 0 _aColor Atlas of the Brain & Spinal Cord
260 _bMosby
_aEngland
_c1996
300 _a288
650 _aMedical
_vAnatomy
942 _cBK
999 _c11414
_d11414